000 00527nam a2200181Ia 4500
005 20250508152649.0
008 008 250505s9999 xx 000 0 eng d
037 _aTextual
040 _aFEDL
_beng
_cFEDL
041 _aeng
_2eng
084 _a309.23, FRI
_qFEDL
100 _aFrisch Ragnar
245 0 _aPlanning for India : selected explorations in methodology
260 _aBombay, India
_bAsia Publishing House
_c1960
300 _aiii,86p.
942 _cTEXL
_h309.23, FRI
999 _c1337890
_d1337890